Normal view
MARC view
- Short stories
Entry Topical Term
001 - CONTROL NUMBER
- control field: 1492
003 - CONTROL NUMBER IDENTIFIER
- control field: NUST
005 - DATE AND TIME OF LATEST TRANSACTION
- control field: 20170529105249.0
008 - FIXED-LENGTH DATA ELEMENTS
- fixed length control field: 170529|| aca||aabn | a|a d
040 ## - CATALOGING SOURCE
- Original cataloging agency: NUST
- Transcribing agency: NUST
150 ## - HEADING--TOPICAL TERM
- Topical term or geographic name entry element: Short stories
- Form subdivision: Urdu Literature
670 ## - SOURCE DATA FOUND
- Source citation: Work cat.: (NUST)0: Bāno Qudsiyah, 1928-2017. 1163, Dast bastah /, 2002.
